[Event "HUN-chT U18"]
[Site "Budapest"]
[Date "2022.11.02"]
[Round "5.1"]
[White "Schmied, Erik Rajmund"]
[Black "Vegh, Benedek"]
[Result "0-1"]
[WhiteElo "1407"]
[BlackElo "1677"]
[PlyCount "76"]
[EventDate "2022.10.31"]
[EventType "team-swiss"]
[EventRounds "7"]
[EventCountry "HUN"]
[SourceTitle "CBM 211 Extra"]
[Source "ChessBase"]
[SourceDate "2023.01.31"]
[SourceVersion "1"]
[SourceVersionDate "2023.01.31"]
[SourceQuality "1"]
[WhiteTeam "Sakkmatyi SE"]
[BlackTeam "Tamasi Szabadido"]
[WhiteTeamCountry "HUN"]
[BlackTeamCountry "HUN"]

1. d4 d5 2. Nf3 e6 3. Bf4 Nf6 4. e3 Be7 5. h3 0-0 6. Bd3 Nbd7 7. 0-0 c5 8. c3 b6 9. Nbd2 Bb7 10. Rc1 Rc8 11. Qa4 Bc6 12. Qd1 Bb7 13. Qe2 Nb8 14. a3 a5 15. Rc2 c4 16. Bxc4 dxc4 17. e4 b5 18. e5 Nd5 19. Bg3 Qd7 20. Bh4 Bxh4 21. Nxh4 Qe7 22. Qg4 Ba6 23. f4 Ne3 24. Qg3 Nxf1 25. Kxf1 f6 26. Kg1 fxe5 27. fxe5 Rf7 28. Ne4 Rcf8 29. Rc1 Rf4 30. Nf6+ R4xf6 31. exf6 Qxf6 32. Nf3 Bb7 33. Rf1 Qg6 34. Qh2 Bxf3 35. g4 Nd7 36. Qd6 Qe4 37. Qxd7 Qe3+ 38. Kh2 Qf4+ 0-1

[Event "HUN-ch U14"]
[Site "Balatonlelle"]
[Date "2019.06.23"]
[Round "3"]
[White "Farkas, Otto Jr"]
[Black "Vegh, Benedek"]
[Result "1-0"]
[WhiteElo "1859"]
[BlackElo "1626"]
[PlyCount "77"]
[EventDate "2019.06.21"]
[EventType "swiss"]
[EventRounds "9"]
[EventCountry "HUN"]
[SourceTitle "CBM 191 Extra"]
[Source "ChessBase"]
[SourceDate "2019.09.30"]
[SourceVersion "1"]
[SourceVersionDate "2019.09.30"]
[SourceQuality "1"]

1. e4 e5 2. Nf3 Nf6 3. Nxe5 d6 4. Nf3 Nxe4 5. Be2 Be7 6. 0-0 0-0 7. d4 d5 8. Nc3 Nxc3 9. bxc3 Be6 10. Rb1 Nd7 11. Re1 Rb8 12. Bf1 Nf6 13. Bd3 Re8 14. h3 Qd7 15. Ne5 Qc8 16. f4 Bf5 17. g4 Bxd3 18. cxd3 Nd7 19. Qa4 Nb6 20. Qb5 c6 21. Qb3 Bh4 22. Rf1 Be7 23. Ba3 f6 24. Bxe7 Rxe7 25. Qa3 Qc7 26. Qxa7 Nc8 27. Qc5 fxe5 28. dxe5 b5 29. d4 Nb6 30. f5 Nc4 31. Rf2 Ree8 32. f6 gxf6 33. Rxf6 Rbc8 34. Rbf1 Nd2 35. Rf7 Qb8 36. R1f5 Ne4 37. Qa3 Rf8 38. Qe7 Nf6 39. Rg5+ 1-0